0-100 Digits of Pi - Statistics

General Stats
  • This quiz has been taken 400 times
  • The average score is 69 of 100
Answer Stats
% Correct
3
100%
1
97%
4
95%
1
94%
5
94%
9
93%
2
89%
5
89%
6
89%
3
86%
5
86%
8
86%
9
85%
2
84%
3
84%
3
84%
4
84%
7
84%
8
84%
9
84%
2
83%
4
83%
6
83%
6
83%
3
82%
3
81%
3
80%
8
80%
0
78%
2
78%
2
78%
5
78%
7
78%
8
78%
9
78%
1
77%
4
77%
8
77%
9
77%
7
74%
1
73%
9
73%
9
73%
9
73%
3
72%
3
72%
6
72%
7
72%
1
71%
5
71%
0
69%
0
68%
2
68%
5
68%
7
68%
8
68%
9
68%
4
67%
9
66%
4
64%
9
64%
0
63%
4
63%
5
63%
2
62%
3
62%
7
62%
1
61%
8
61%
0
59%
2
59%
4
59%
6
59%
6
59%
8
59%
0
58%
2
58%
6
58%
8
56%
9
56%
8
55%
9
54%
6
53%
2
52%
0
51%
3
50%
4
50%
8
50%
8
50%
2
49%
5
49%
0
48%
1
48%
2
48%
3
48%
4
48%
1
47%
6
47%
7
47%
7
47%
No matching quizzes found
Score Distribution
Percent of People with Each Score
Percentile by Number Answered
Your Score History
You have not taken this quiz